[Event "chess.com Speed 2019"]
[Site "chess.com INT"]
[Date "2019.10.03"]
[Round "1.2"]
[White "Firouzja, Alireza"]
[Black "Aronian, Levon"]
[Result "0-1"]
[WhiteTitle "GM"]
[BlackTitle "GM"]
[WhiteElo "2702"]
[BlackElo "2758"]
[WhiteFideId "12573981"]
[BlackFideId "13300474"]
[EventDate "2019.09.02"]

1. e4 e5 2. Nf3 Nc6 3. Bb5 Nf6 4. d3 Bd6 5. Nbd2 a6 6. Bxc6 dxc6 7. Nc4 Nd7 8.
h4 b5 9. Ne3 Nc5 10. h5 Be6 11. Bd2 a5 12. Nh4 g6 13. Nf3 g5 14. h6 Rg8 15. Ng1
Na4 16. Qc1 Bb4 17. Ne2 Rg6 18. Ng3 Bxd2+ 19. Qxd2 Qd4 20. c3 Qd7 21. d4 O-O-O
22. Ngf5 exd4 23. cxd4 Bxf5 24. Nxf5 Re8 25. O-O Rxe4 26. Ng3 Rxd4 27. Qxa5 Kb7
28. b3 Nb6 29. a4 b4 30. Qc5 Qd5 31. Qf8 Nd7 32. Qh8 Nc5 33. Rae1 Re6 34. Rxe6
fxe6 35. Qxh7 Rh4 36. a5 Qxb3 37. Qe7 Qd5 38. h7 b3 39. Qg7 Qd8 40. Qc3 Qf8 41.
Rc1 Rxh7 42. Qb4+ Ka7 43. Rxc5 b2 44. Rb5 cxb5 45. Qxb2 Qc5 46. Qe2 Rd7 47. Qxe6
Qc1+ 48. Nf1 Rd1 49. Qe2 Rxf1+ 50. Qxf1 Qxf1+ 51. Kxf1 b4 52. Ke2 Ka6 53. g4
Kxa5 54. f4 b3 55. Kd2 b2 56. Kc2 gxf4 57. g5 b1=Q+ 58. Kxb1 f3 0-1

[Event "chess.com Speed 2019"]
[Site "chess.com INT"]
[Date "2019.10.03"]
[Round "1.3"]
[White "Aronian, Levon"]
[Black "Firouzja, Alireza"]
[Result "1-0"]
[WhiteTitle "GM"]
[BlackTitle "GM"]
[WhiteElo "2758"]
[BlackElo "2702"]
[WhiteFideId "13300474"]
[BlackFideId "12573981"]
[EventDate "2019.09.02"]

1. c4 Nf6 2. Nc3 e5 3. Nf3 Nc6 4. g3 Bb4 5. Bg2 O-O 6. O-O e4 7. Ne1 Bxc3 8.
bxc3 b6 9. f3 Re8 10. fxe4 Nxe4 11. Qc2 Qe7 12. d3 Nc5 13. e4 Bb7 14. Nf3 Qd6
15. Rd1 Qg6 16. Nh4 Qf6 17. Rf1 Qd6 18. Rd1 Na5 19. Nf5 Qg6 20. Rf1 d6 21. Qd1
Rad8 22. Bh3 Bc8 23. Rf4 Ne6 24. Rf2 Ng5 25. Bg2 f6 26. Nh4 Qh6 27. Kh1 Nc6 28.
a4 Ne5 29. a5 Bg4 30. Qf1 Qh5 31. Nf5 Nef3 32. h4 Bxf5 33. Bxg5 Bxe4 34. Bf4
Nxh4 35. Bxe4 f5 36. Bd5+ 1-0

[Event "chess.com Speed 2019"]
[Site "chess.com INT"]
[Date "2019.10.03"]
[Round "1.4"]
[White "Firouzja, Alireza"]
[Black "Aronian, Levon"]
[Result "1-0"]
[WhiteTitle "GM"]
[BlackTitle "GM"]
[WhiteElo "2702"]
[BlackElo "2758"]
[WhiteFideId "12573981"]
[BlackFideId "13300474"]
[EventDate "2019.09.02"]

1. e4 e5 2. Nf3 Nc6 3. Bb5 a6 4. Ba4 Nf6 5. O-O Be7 6. Re1 b5 7. Bb3 O-O 8. a4
b4 9. d3 Bc5 10. Nbd2 d6 11. Nc4 Nd4 12. Nxd4 Bxd4 13. Be3 Bxe3 14. Nxe3 Be6 15.
Bc4 Bxc4 16. Nxc4 Nd7 17. Ne3 Nc5 18. d4 exd4 19. Qxd4 a5 20. Nf5 Ne6 21. Qc4
Qf6 22. b3 g6 23. Ne3 Qd4 24. Rad1 Qxc4 25. Nxc4 Nc5 26. e5 Nb7 27. exd6 Nxd6
28. Nxd6 cxd6 29. Rxd6 Rfc8 30. Re2 Rc5 31. Kf1 Rac8 32. Rdd2 h5 33. Ke1 h4 34.
Kd1 Rg5 35. g3 hxg3 36. hxg3 Rcc5 37. Kc1 Rgf5 38. Kb2 Rf3 39. Rd8+ Kg7 40. Red2
Rcf5 41. R8d3 Rxd3 42. Rxd3 Kh6 43. f3 Rg5 44. f4 Rh5 45. c4 Kg7 46. Kc2 Rh2+
47. Rd2 Rh3 48. Rg2 Rh1 49. Kd3 Rb1 50. c5 Rxb3+ 51. Kc4 Rc3+ 52. Kb5 b3 53. Rb2
Kf6 54. c6 Ke6 55. Kb6 Rxg3 56. Kxa5 g5 57. fxg5 Rxg5+ 58. Kb6 Rg4 59. a5 Rb4+
60. Kc5 Ra4 61. Kb5 Ra3 62. Rd2 Ra2 63. c7 Rxd2 64. c8=Q+ Ke7 65. Qc5+ Ke8 66.
Qe3+ Kf8 67. Qxd2 b2 68. Qxb2 1-0

[Event "chess.com Speed 2019"]
[Site "chess.com INT"]
[Date "2019.10.03"]
[Round "1.5"]
[White "Aronian, Levon"]
[Black "Firouzja, Alireza"]
[Result "1-0"]
[WhiteTitle "GM"]
[BlackTitle "GM"]
[WhiteElo "2758"]
[BlackElo "2702"]
[WhiteFideId "13300474"]
[BlackFideId "12573981"]
[EventDate "2019.09.02"]

1. c4 Nf6 2. Nc3 e5 3. Nf3 Nc6 4. g3 d5 5. cxd5 Nxd5 6. Bg2 Nb6 7. O-O Be7 8. d3
O-O 9. a3 Be6 10. Be3 f6 11. Rc1 a5 12. Na4 Nd5 13. Bc5 Bf7 14. Qc2 Kh8 15. Rfd1
Bh5 16. d4 Bxc5 17. dxc5 Bxf3 18. Bxf3 Nd4 19. Qc4 c6 20. Bg2 Qe8 21. e3 Ne6 22.
Bxd5 cxd5 23. Rxd5 Qh5 24. Nb6 Rae8 25. h4 g5 26. Rd6 gxh4 27. Qxh4 Qf5 28. e4
Qg6 29. Kg2 Nf4+ 30. Kh2 Ne6 31. Rc3 Ng5 32. f3 Qg8 33. Nd5 Rd8 34. Rxd8 Rxd8
35. Qh6 Qf7 36. g4 Rg8 37. Kg2 Rg6 38. Qh4 Kg7 39. Ne3 Qa2 40. Qf2 Ne6 41. Qd2
Nf4+ 42. Kf2 Qb1 43. c6 Nh3+ 44. Kg3 Qg1+ 45. Qg2 Qe1+ 46. Kh2 Nf4 47. Nf5+ Kf7
48. cxb7 Nxg2 49. b8=Q Rh6+ 50. Nxh6+ Kg6 51. Qg8+ Kxh6 52. g5+ Kh5 53. Qxh7+
Kxg5 54. Qg7+ 1-0

[Event "chess.com Speed 2019"]
[Site "chess.com INT"]
[Date "2019.10.03"]
[Round "1.6"]
[White "Firouzja, Alireza"]
[Black "Aronian, Levon"]
[Result "0-1"]
[WhiteTitle "GM"]
[BlackTitle "GM"]
[WhiteElo "2702"]
[BlackElo "2758"]
[WhiteFideId "12573981"]
[BlackFideId "13300474"]
[EventDate "2019.09.02"]

1. e4 e5 2. Nf3 Nc6 3. Bb5 a6 4. Ba4 Nf6 5. O-O Be7 6. d3 b5 7. Bb3 d6 8. a3 O-O
9. Nc3 Bg4 10. Be3 Nd4 11. Bxd4 exd4 12. Nd5 Nxd5 13. Bxd5 Rc8 14. Bc6 Bf6 15.
a4 Rb8 16. axb5 axb5 17. h3 Bc8 18. Ra7 Rb6 19. Bd5 c6 20. Bb3 Ra6 21. Rxa6 Bxa6
22. Nh2 d5 23. Qa1 Qc8 24. exd5 c5 25. Ng4 Be7 26. Ne5 Bd6 27. Nc6 Re8 28. Qa5
Bc7 29. Qa2 Bd6 30. Ra1 h5 31. Qa5 h4 32. Re1 c4 33. Ba2 b4 34. Rxe8+ Qxe8 35.
Kf1 cxd3 0-1

[Event "chess.com Speed 2019"]
[Site "chess.com INT"]
[Date "2019.10.03"]
[Round "1.7"]
[White "Aronian, Levon"]
[Black "Firouzja, Alireza"]
[Result "1-0"]
[WhiteTitle "GM"]
[BlackTitle "GM"]
[WhiteElo "2758"]
[BlackElo "2702"]
[WhiteFideId "13300474"]
[BlackFideId "12573981"]
[EventDate "2019.09.02"]

1. c4 Nf6 2. Nc3 g6 3. e4 d6 4. d4 Bg7 5. Nge2 O-O 6. f3 c5 7. d5 e6 8. Ng3 exd5
9. cxd5 a6 10. a4 Nbd7 11. Be2 Ne8 12. O-O Rb8 13. Be3 Nc7 14. Qd2 b5 15. Bh6
Re8 16. Bxg7 Kxg7 17. f4 Nf6 18. e5 dxe5 19. d6 Rb6 20. Rad1 b4 21. fxe5 Rxe5
22. Qf4 bxc3 23. Qxe5 Ne8 24. bxc3 Rxd6 25. Ne4 Rxd1 26. Rxd1 Qb6 27. Nxf6 1-0

[Event "chess.com Speed 2019"]
[Site "chess.com INT"]
[Date "2019.10.03"]
[Round "1.8"]
[White "Firouzja, Alireza"]
[Black "Aronian, Levon"]
[Result "0-1"]
[WhiteTitle "GM"]
[BlackTitle "GM"]
[WhiteElo "2702"]
[BlackElo "2758"]
[WhiteFideId "12573981"]
[BlackFideId "13300474"]
[EventDate "2019.09.02"]

1. e4 e5 2. Nf3 Nc6 3. Bb5 a6 4. Ba4 Nf6 5. O-O Be7 6. d3 b5 7. Bb3 d6 8. a3 O-O
9. Nc3 Na5 10. Ba2 Be6 11. b4 Bxa2 12. Rxa2 Nc6 13. Bg5 Nd7 14. Bd2 Nf6 15. Re1
d5 16. exd5 Nxd5 17. Nxe5 Nxe5 18. Rxe5 Nxc3 19. Bxc3 Bf6 20. Rc5 Bxc3 21. Rxc3
a5 22. bxa5 Rxa5 23. g3 b4 24. Rc4 bxa3 25. Qa1 Qd6 26. Qc3 Ra7 27. Qb4 h5 28.
Qxd6 cxd6 29. Rc3 Rfa8 30. Kf1 g5 31. Rb3 Kg7 32. Ke2 g4 33. c4 Ra5 34. Ke3 d5
35. cxd5 Rxd5 36. Rbxa3 Re8+ 37. Kd2 Rf5 38. Kc3 Rf3 39. Ra5 Kg6 40. Rd2 Re1 41.
Kd4 Rh1 42. Raa2 Rxh2 43. Rac2 f5 44. Kc5 f4 45. gxf4 h4 46. d4 h3 47. d5 Rfxf2
48. Rxf2 Rxf2 49. Rxf2 g3 50. Rf3 g2 51. Rg3+ Kf7 52. d6 h2 53. Rxg2 h1=Q 54.
Rg5 Qc1+ 55. Kd5 Qxf4 56. Re5 Kf6 57. Re7 Qa4 58. Kc5 Qa5+ 59. Kc6 Qb4 60. Kd7
Qc4 61. Re8 Qb5+ 62. Kd8 Qc6 0-1

[Event "chess.com Speed 2019"]
[Site "chess.com INT"]
[Date "2019.10.03"]
[Round "1.9"]
[White "Aronian, Levon"]
[Black "Firouzja, Alireza"]
[Result "1-0"]
[WhiteTitle "GM"]
[BlackTitle "GM"]
[WhiteElo "2758"]
[BlackElo "2702"]
[WhiteFideId "13300474"]
[BlackFideId "12573981"]
[EventDate "2019.09.02"]

1. c4 e6 2. g3 d5 3. Bg2 Nf6 4. Nf3 Be7 5. O-O O-O 6. d4 dxc4 7. Qc2 a6 8. a4 c5
9. dxc5 Bxc5 10. Qxc4 b6 11. Ne1 Ra7 12. Nd3 Bd6 13. Be3 Bb7 14. a5 b5 15. Qd4
Bxg2 16. Qxa7 Bxf1 17. Kxf1 Qc8 18. Qd4 Rd8 19. Qh4 Be7 20. Nd2 Nc6 21. Nb3 e5
22. Rc1 Qf5 23. Kg1 Nd5 24. g4 Qe6 25. Nbc5 Bxh4 26. Nxe6 Rc8 27. Nxe5 Nce7 28.
Rxc8+ Nxc8 29. Nc5 Nxe3 30. fxe3 Bf6 31. Ned3 Nd6 32. Nxa6 Bg5 33. Kf2 Nc4 34.
b3 1-0

[Event "chess.com Speed 2019"]
[Site "chess.com INT"]
[Date "2019.10.03"]
[Round "1.10"]
[White "Firouzja, Alireza"]
[Black "Aronian, Levon"]
[Result "0-1"]
[WhiteTitle "GM"]
[BlackTitle "GM"]
[WhiteElo "2702"]
[BlackElo "2758"]
[WhiteFideId "12573981"]
[BlackFideId "13300474"]
[EventDate "2019.09.02"]

1. d4 Nf6 2. c4 e6 3. Nf3 d5 4. g3 Be7 5. Bg2 O-O 6. Nc3 Nbd7 7. Qd3 b6 8. cxd5
Nxd5 9. Nxd5 exd5 10. O-O Bb7 11. Bf4 c5 12. dxc5 bxc5 13. Rfd1 Re8 14. b3 a5
15. Rac1 a4 16. Ne1 Nf6 17. Bg5 axb3 18. Qxb3 Rb8 19. Bxf6 Bxf6 20. Bxd5 Bxd5
21. Qxd5 Qxd5 22. Rxd5 Rxe2 23. Rdxc5 g6 24. R5c2 Re7 25. Nf3 Kg7 26. Kg2 Ra8
27. Re1 Rd7 28. Ree2 Ra3 29. Nd2 h5 30. Ne4 Rda7 31. Nd6 R7a6 32. Ne8+ Kh6 33.
h4 Bd4 34. Nc7 R6a4 35. Red2 Bc3 36. Rd7 Ba1 37. Rxf7 Rxa2 38. Rc6 Ra7 39. Rf8
Be5 40. Ne6 Ra8 41. Rf7 R8a7 42. Ng5 Bg7 43. Rcc7 Rxc7 44. Rxc7 Ra8 45. Kf3 Rf8+
46. Kg2 Ra8 47. Rd7 Ra5 48. f3 Ra2+ 49. Kh3 Ra3 50. Rb7 Rc3 51. Kg2 Rc2+ 52. Kf1
Rb2 53. f4 Rxb7 0-1

[Event "chess.com Speed 2019"]
[Site "chess.com INT"]
[Date "2019.10.03"]
[Round "1.11"]
[White "Aronian, Levon"]
[Black "Firouzja, Alireza"]
[Result "1-0"]
[WhiteTitle "GM"]
[BlackTitle "GM"]
[WhiteElo "2758"]
[BlackElo "2702"]
[WhiteFideId "13300474"]
[BlackFideId "12573981"]
[EventDate "2019.09.02"]

1. c4 Nf6 2. Nc3 g6 3. e4 d6 4. d4 Bg7 5. Nge2 O-O 6. f3 c5 7. d5 e6 8. Ng3 exd5
9. cxd5 Nbd7 10. Be2 a6 11. a4 Rb8 12. Bf4 Ne8 13. Qd2 h5 14. Nf1 Ne5 15. Bg5
Nf6 16. Ne3 Qc7 17. O-O Nh7 18. Bh4 Re8 19. f4 Ng4 20. Bxg4 hxg4 21. e5 f5 22.
Nc4 Bf8 23. a5 Bd7 24. Rfe1 Bb5 25. Nb6 Bg7 26. e6 Nf6 27. Ra3 Nh5 28. Bf2 Bh6
29. g3 Nf6 30. Rb3 Bg7 31. Nxb5 axb5 32. Rxb5 Ne4 33. Rxe4 fxe4 34. Nc4 Rf8 35.
Qe2 Rf5 36. Qxe4 Qe7 37. Ne3 Qe8 38. Rb6 Rf8 39. Rxd6 Ra8 40. Nc4 Qb5 41. Rb6
Qa4 42. e7 Rf5 43. d6 Qd1+ 44. Qe1 Qf3 45. e8=Q+ Rxe8 46. Qxe8+ Kh7 47. Ne3 Bd4
48. d7 Rd5 49. Qxg6+ 1-0

[Event "chess.com Speed 2019"]
[Site "chess.com INT"]
[Date "2019.10.03"]
[Round "1.12"]
[White "Firouzja, Alireza"]
[Black "Aronian, Levon"]
[Result "1-0"]
[WhiteTitle "GM"]
[BlackTitle "GM"]
[WhiteElo "2702"]
[BlackElo "2758"]
[WhiteFideId "12573981"]
[BlackFideId "13300474"]
[EventDate "2019.09.02"]

1. e4 e5 2. Nf3 Nc6 3. Bb5 a6 4. Ba4 Nf6 5. O-O Be7 6. d3 b5 7. Bb3 d6 8. a3 O-O
9. Nc3 Na5 10. Ba2 Be6 11. b4 Bxa2 12. Nxa2 Nb7 13. c4 c6 14. Nc3 Qd7 15. h3
Rfe8 16. Be3 Bf8 17. Qb3 h6 18. a4 bxc4 19. dxc4 Qe6 20. Rfd1 Rec8 21. Nd2 Nd8
22. Rab1 Qe8 23. b5 Ne6 24. b6 Rab8 25. a5 Nd4 26. Qa4 Qe6 27. Nf1 c5 28. Ng3 g6
29. Nd5 Rb7 30. Nc7 Rcxc7 31. bxc7 Qc8 32. Rb6 Rxc7 33. Rdb1 Nd7 34. R6b2 h5 35.
Ne2 Nc6 36. Nc3 Nb4 37. Rb3 Kh7 38. Bc1 Nf6 39. Bg5 Nd7 40. Nd5 Nxd5 41. exd5 f6
42. Bd2 Bh6 43. Bxh6 Kxh6 44. Qa2 Kg7 45. Qb2 f5 46. Rb7 Kh6 47. Rxc7 Qxc7 48.
Qb7 Qd8 49. Qxa6 Qe7 50. Qb7 e4 51. a6 e3 52. a7 exf2+ 53. Kf1 Qe3 54. a8=Q Qd3+
55. Kxf2 Qd4+ 56. Kf1 Ne5 57. Qh8+ Kg5 58. Qe7+ Kf4 59. Qh4+ 1-0

[Event "chess.com Speed 2019"]
[Site "chess.com INT"]
[Date "2019.10.03"]
[Round "1.13"]
[White "Aronian, Levon"]
[Black "Firouzja, Alireza"]
[Result "1-0"]
[WhiteTitle "GM"]
[BlackTitle "GM"]
[WhiteElo "2758"]
[BlackElo "2702"]
[WhiteFideId "13300474"]
[BlackFideId "12573981"]
[EventDate "2019.09.02"]

1. c4 e6 2. Nc3 d5 3. d4 Be7 4. Nf3 Nf6 5. Bf4 O-O 6. e3 Nbd7 7. c5 Nh5 8. Bd3
Nxf4 9. exf4 c6 10. Qc2 h6 11. O-O b6 12. b4 a5 13. a3 Qc7 14. g3 Bf6 15. Na4 b5
16. Nb2 Bb7 17. Be2 Ra7 18. Nd3 Rfa8 19. Rab1 axb4 20. axb4 Ra3 21. Nfe5 Be7 22.
Bh5 g6 23. Nxd7 Qxd7 24. Ne5 Qe8 25. Be2 Bf6 26. Rfe1 Kg7 27. Rb3 h5 28. Bd3
Rxb3 29. Qxb3 Ra4 30. Bc2 Qa8 31. Qc3 Ra3 32. Bb3 Qa4 33. Rb1 Qa8 34. Qb2 Kg8
35. Re1 Bg7 36. Kg2 Bf6 37. h3 Bg7 38. g4 hxg4 39. hxg4 Ra6 40. Rh1 Qd8 41. Qc1
Qe8 42. Bc2 Ra2 43. Qb1 Ra3 44. Qb2 Qa8 45. Bb3 Bf6 46. Rh3 Bg7 47. Qd2 Ra1 48.
f5 exf5 49. gxf5 Bc8 50. Bc2 Ra2 51. Qg5 Bd7 52. Nxd7 Rxc2 53. f6 Qa2 54. Qf4 1-0

[Event "chess.com Speed 2019"]
[Site "chess.com INT"]
[Date "2019.10.03"]
[Round "1.14"]
[White "Firouzja, Alireza"]
[Black "Aronian, Levon"]
[Result "1/2-1/2"]
[WhiteTitle "GM"]
[BlackTitle "GM"]
[WhiteElo "2702"]
[BlackElo "2758"]
[WhiteFideId "12573981"]
[BlackFideId "13300474"]
[EventDate "2019.09.02"]

1. e4 e5 2. Nf3 Nc6 3. Bb5 a6 4. Ba4 Nf6 5. O-O Be7 6. d3 b5 7. Bb3 d6 8. a3 O-O
9. Nc3 Na5 10. Ba2 Be6 11. b4 Bxa2 12. Nxa2 Nb7 13. c4 Qd7 14. Nc3 c5 15. Bg5
Rfc8 16. Qb3 Nd8 17. Bxf6 Bxf6 18. Nd5 Rab8 19. bxc5 Rxc5 20. Rab1 Nc6 21. Nxf6+
gxf6 22. Qd1 f5 23. cxb5 Rbxb5 24. Rxb5 axb5 25. Nh4 fxe4 26. dxe4 Nd4 27. Qh5
Qe6 28. h3 h6 29. Re1 Qf6 30. Re3 Kf8 31. Nf3 Rc2 32. Qg4 Ne2+ 33. Kh2 Qf4+ 34.
Qxf4 Nxf4 35. Kg1 Rc1+ 36. Kh2 Rf1 37. Kg3 Nh5+ 38. Kh4 Nf4 39. Kg3 Nh5+ 40. Kh4
Nf4 41. Kg3 1/2-1/2

[Event "chess.com Speed 2019"]
[Site "chess.com INT"]
[Date "2019.10.03"]
[Round "1.15"]
[White "Aronian, Levon"]
[Black "Firouzja, Alireza"]
[Result "1/2-1/2"]
[WhiteTitle "GM"]
[BlackTitle "GM"]
[WhiteElo "2758"]
[BlackElo "2702"]
[WhiteFideId "13300474"]
[BlackFideId "12573981"]
[EventDate "2019.09.02"]

1. c4 e5 2. g3 Nf6 3. Bg2 c6 4. Nf3 e4 5. Nd4 Qb6 6. e3 c5 7. Ne2 Qe6 8. b3 Bd6
9. Nbc3 Nc6 10. O-O O-O 11. Bb2 Re8 12. d3 exd3 13. Nf4 Bxf4 14. exf4 Qf5 15.
Nb5 Re2 16. Bxf6 gxf6 17. Re1 a6 18. Nc7 Rxe1+ 19. Qxe1 Rb8 20. Be4 Qh5 21. Ne8
Qh6 22. Nd6 Nd4 23. Bxd3 Nf3+ 24. Kg2 Nxe1+ 25. Rxe1 Qf8 26. Re8 Qxe8 27. Nxe8
b5 28. Nxf6+ Kf8 29. Nxh7+ Kg7 30. Ng5 Bb7+ 31. f3 bxc4 32. Bxc4 d5 33. Bd3 a5
34. Kf2 Bc6 35. h4 a4 36. h5 axb3 37. axb3 Rxb3 38. h6+ Kxh6 39. Nxf7+ Kg7 40.
Ne5 Be8 41. g4 c4 42. Bf5 Bf7 43. Nc6 Bg6 44. Nd4 Rb2+ 45. Ke3 Bf7 46. g5 Ra2
47. Bc2 Ra3+ 48. Kd2 Bh5 49. f5 Bxf3 50. f6+ Kf7 51. Nb5 Ra6 52. Ke3 Bh5 53. Bf5
Ra2 54. Nd6+ Kf8 55. g6 Bxg6 56. Bxg6 c3 57. Nb5 c2 58. Kd2 Ra6 59. Bxc2 Rxf6
60. Nd4 Rh6 61. Kc3 Rh4 62. Bd3 Rh3 63. Ne2 Ke7 64. Nd4 Kd6 65. Kd2 Ke5 66. Nc2
d4 67. Be2 Rh2 68. Ne1 Rh3 69. Nd3+ Rxd3+ 70. Bxd3 Kd6 71. Kc2 Ke7 72. Kb3 Kf6
73. Kc4 Kg7 74. Kxd4 1/2-1/2

[Event "chess.com Speed 2019"]
[Site "chess.com INT"]
[Date "2019.10.03"]
[Round "1.16"]
[White "Firouzja, Alireza"]
[Black "Aronian, Levon"]
[Result "1-0"]
[WhiteTitle "GM"]
[BlackTitle "GM"]
[WhiteElo "2702"]
[BlackElo "2758"]
[WhiteFideId "12573981"]
[BlackFideId "13300474"]
[EventDate "2019.09.02"]

1. e4 e5 2. Nf3 Nc6 3. Bb5 a6 4. Ba4 Nf6 5. O-O Be7 6. d3 b5 7. Bb3 d6 8. a3 O-O
9. Nc3 Na5 10. Ba2 Be6 11. b4 Bxa2 12. Nxa2 Nb7 13. c4 Qd7 14. Nc3 c5 15. Qb3
Rfb8 16. h3 bxc4 17. Qxc4 cxb4 18. axb4 a5 19. Bg5 Rc8 20. Qb3 Qe6 21. Qb2 axb4
22. Qxb4 Nc5 23. Rxa8 Rxa8 24. Bxf6 Bxf6 25. Qb5 Qe8 26. Qxe8+ Rxe8 27. Rd1 Ra8
28. Nd5 Ra3 29. Rb1 h5 30. Nxf6+ gxf6 31. Nh4 Rxd3 32. f3 Nb3 33. Nf5 Kh7 34.
Kh2 Nd4 35. Nh4 Nb3 36. Rb2 Nc5 37. Nf5 Nb3 38. Ra2 d5 39. Ra7 dxe4 40. fxe4 Nc5
41. Rxf7+ Kg8 42. Rxf6 Nxe4 43. Re6 Kf7 44. Rxe5 Kf6 45. Ra5 Rc3 46. Nh4 Rc5 47.
Ra4 Nd6 48. Ra6 Rd5 49. Nf3 Kg7 50. Ra7+ Kg6 51. Kg3 Ne4+ 52. Kf4 Nc5 53. Ne5+
Kf6 54. Nf3 Ne6+ 55. Kg3 Rb5 56. Ra6 Rd5 57. Kh4 Kf7 58. Ra7+ Kf6 59. Ra6 Kf7
60. Rb6 Nf4 61. Ng5+ 1-0

[Event "chess.com Speed 2019"]
[Site "chess.com INT"]
[Date "2019.10.03"]
[Round "1.17"]
[White "Aronian, Levon"]
[Black "Firouzja, Alireza"]
[Result "0-1"]
[WhiteTitle "GM"]
[BlackTitle "GM"]
[WhiteElo "2758"]
[BlackElo "2702"]
[WhiteFideId "13300474"]
[BlackFideId "12573981"]
[EventDate "2019.09.02"]

1. c4 Nf6 2. Nc3 e5 3. Nf3 Nc6 4. d3 Bb4 5. Bd2 O-O 6. g3 d6 7. Bg2 Be6 8. O-O
Qc8 9. a3 Bxc3 10. Bxc3 Bh3 11. b4 Bxg2 12. Kxg2 Ne7 13. e4 Ng6 14. Re1 Re8 15.
Rc1 c5 16. bxc5 dxc5 17. Nd2 Qd7 18. Re3 Rad8 19. h3 b6 20. Bb2 Qc6 21. Qe2 h6
22. Nb1 Nh7 23. Kh2 Ng5 24. Nc3 Qd7 25. Qf1 f5 26. exf5 Qxf5 27. Ne4 Nxe4 28.
Rxe4 Rf8 29. Kg1 Qf3 30. Rd1 Rd7 31. Bc1 Rfd8 32. Re3 Qf5 33. h4 b5 34. cxb5 c4
35. d4 exd4 36. Qxc4+ Kh8 37. Rb3 Ne5 38. Qf1 d3 39. Bf4 Nf3+ 40. Kh1 Nxh4 41.
gxh4 Qxf4 42. Rdxd3 Rxd3 0-1

[Event "chess.com Speed 2019"]
[Site "chess.com INT"]
[Date "2019.10.03"]
[Round "1.18"]
[White "Firouzja, Alireza"]
[Black "Aronian, Levon"]
[Result "0-1"]
[WhiteTitle "GM"]
[BlackTitle "GM"]
[WhiteElo "2702"]
[BlackElo "2758"]
[WhiteFideId "12573981"]
[BlackFideId "13300474"]
[EventDate "2019.09.02"]

1. e4 e5 2. Nf3 Nc6 3. Bb5 Nf6 4. d3 d6 5. c3 Be7 6. O-O O-O 7. Nbd2 a6 8. Ba4
b5 9. Bc2 d5 10. exd5 Qxd5 11. Re1 Bf5 12. Qe2 Rfe8 13. Ne4 Rad8 14. Nfg5 Bg6
15. h3 Qd7 16. Nxf6+ Bxf6 17. Ne4 Be7 18. Be3 f5 19. Nc5 Bxc5 20. Bxc5 f4 21.
Rad1 Kh8 22. a4 b4 23. Qf3 Rb8 24. a5 b3 25. Bb1 Rb5 26. Ba3 Rxa5 27. Rd2 Rd5
28. Qd1 Na5 29. Qc1 h6 30. Rde2 Bxd3 31. Bxd3 Rxd3 32. c4 Qd4 33. Bb4 Nc6 34.
Bc3 Qxc4 35. Qb1 Qd5 36. Qa1 a5 37. Qa4 Rb8 38. Bxe5 Rb4 39. Qa1 f3 40. gxf3
Nxe5 41. Rxe5 Qxf3 42. Qc1 Qxh3 43. Re8+ Kh7 44. R1e4 Rxe4 45. Rxe4 Rg3+ 0-1

[Event "chess.com Speed 2019"]
[Site "chess.com INT"]
[Date "2019.10.03"]
[Round "1.19"]
[White "Aronian, Levon"]
[Black "Firouzja, Alireza"]
[Result "1-0"]
[WhiteTitle "GM"]
[BlackTitle "GM"]
[WhiteElo "2758"]
[BlackElo "2702"]
[WhiteFideId "13300474"]
[BlackFideId "12573981"]
[EventDate "2019.09.02"]

1. c4 Nf6 2. Nc3 e5 3. Nf3 Nc6 4. e3 Bb4 5. Qc2 d6 6. Be2 O-O 7. O-O Bxc3 8.
Qxc3 e4 9. Nd4 Ne5 10. b3 c5 11. Nc2 Re8 12. Bb2 Bf5 13. Ne1 d5 14. f4 Ng6 15.
cxd5 Qxd5 16. g4 Nh4 17. gxf5 Qxf5 18. Ng2 Qg6 19. Rf2 Rad8 20. Kh1 Nf3 21. Bxf3
exf3 22. Nh4 Qh5 23. Rg1 Re6 24. Nxf3 Kf8 25. Rg5 Qh3 26. Rg3 Qh5 27. Ng5 Red6
28. Qc4 Rxd2 29. Rxd2 Rxd2 30. Qxc5+ Ke8 31. Qc8+ Rd8 32. Qh3 Rd1+ 33. Rg1 Qe2
34. Bxf6 gxf6 35. Nxh7 Ke7 36. Qg3 Qd3 37. Rxd1 Qxd1+ 38. Kg2 Qe2+ 39. Qf2 Qg4+
40. Kf1 Qd1+ 41. Kg2 Qg4+ 42. Qg3 Qd1 43. h4 Qc2+ 44. Kh3 Qxh7 45. Qf3 Qf5+ 46.
Kg3 b6 47. Qb7+ Kf8 48. Qxa7 Qg6+ 49. Kf2 Qh5 50. Qxb6 Qxh4+ 51. Ke2 Qh2+ 52.
Kd3 Qxa2 53. Qc5+ Kg7 54. Qc2 Qa6+ 55. Kd2 Qd6+ 56. Kc1 Qb6 57. Qd3 Qc5+ 58. Kb2
Qb4 59. Qc3 Qe4 60. b4 Qg2+ 61. Ka3 Qa8+ 62. Kb3 Qd5+ 63. Qc4 Qd1+ 64. Qc2 Qd5+
65. Kb2 Qf3 66. Qd3 Qg2+ 67. Kb3 Qc6 68. b5 Qe6+ 69. Kb4 Qe7+ 70. Kb3 Qe6+ 71.
Kc3 Qe7 72. Kc4 Qe6+ 73. Kc5 Qe7+ 74. Kc6 Qe8+ 75. Kb7 Qe7+ 76. Ka6 Qe6+ 77. b6
Qa2+ 78. Kb7 Qe6 79. f5 Qe7+ 80. Ka6 Qc5 81. e4 Qc6 82. Ka7 Qa4+ 83. Kb7 Qe8 84.
Qg3+ Kh7 85. Qh4+ Kg7 86. Qg3+ Kh7 87. Qd3 Kg7 88. Kc7 Qe7+ 89. Kc6 Qe8+ 90. Kc5
Qc8+ 91. Kb5 Qe8+ 92. Ka5 Qa8+ 93. Kb4 Qc6 94. Qd4 Qc1 95. Kb5 Qb1+ 96. Kc6 Qc2+
97. Kd6 Qb3 98. Kc7 Qc2+ 99. Kb8 Qh2+ 100. Kc8 Qc2+ 101. Kd7 Qb3 102. Qc5 Qa4+
103. Qc6 Qd4+ 104. Kc8 1-0

[Event "chess.com Speed 2019"]
[Site "chess.com INT"]
[Date "2019.10.03"]
[Round "1.20"]
[White "Firouzja, Alireza"]
[Black "Aronian, Levon"]
[Result "1-0"]
[WhiteTitle "GM"]
[BlackTitle "GM"]
[WhiteElo "2702"]
[BlackElo "2758"]
[WhiteFideId "12573981"]
[BlackFideId "13300474"]
[EventDate "2019.09.02"]

1. Nf3 Nf6 2. e3 d5 3. c4 e6 4. Nc3 dxc4 5. Bxc4 a6 6. O-O b5 7. Bb3 Bb7 8. d4
Nbd7 9. Qe2 c5 10. Rd1 Qb8 11. h3 Be7 12. d5 c4 13. dxe6 fxe6 14. Bc2 O-O 15. e4
e5 16. a4 b4 17. Qxc4+ Kh8 18. Nd5 Bxd5 19. exd5 Bc5 20. Qh4 Qb6 21. Ng5 e4 22.
Ne6 Ne5 23. a5 Qa7 24. Nxc5 Qxc5 25. Bxe4 Nxe4 26. Qxe4 Qxf2+ 27. Kh1 Rae8 28.
Be3 Qe2 29. Re1 Nd3 30. Qc4 Qxe1+ 31. Rxe1 Nxe1 32. Bc5 Rc8 33. d6 Rfd8 34. Qd5
Nd3 35. Bb6 Rc7 36. dxc7 1-0

[Event "chess.com Speed 2019"]
[Site "chess.com INT"]
[Date "2019.10.03"]
[Round "1.21"]
[White "Aronian, Levon"]
[Black "Firouzja, Alireza"]
[Result "0-1"]
[WhiteTitle "GM"]
[BlackTitle "GM"]
[WhiteElo "2758"]
[BlackElo "2702"]
[WhiteFideId "13300474"]
[BlackFideId "12573981"]
[EventDate "2019.09.02"]

1. c4 Nf6 2. Nc3 g6 3. g3 d6 4. Bg2 Bg7 5. Nf3 O-O 6. O-O e5 7. d4 Nbd7 8. Qc2
c6 9. b3 exd4 10. Nxd4 Re8 11. Bb2 Nc5 12. Rad1 Qe7 13. Rfe1 h5 14. h3 a5 15.
Qc1 Bd7 16. Qf4 a4 17. b4 Ne6 18. Nxe6 Bxe6 19. Ba3 Nd7 20. Ne4 Be5 21. Qc1 Bf5
22. Ng5 Nb6 23. c5 dxc5 24. bxc5 Nc4 25. Qxc4 Qxg5 26. f4 Qxg3 27. fxe5 Qxa3 28.
Rd6 Be6 29. Qd4 Qxa2 30. Be4 a3 31. Bd3 Qb2 32. Kf2 Qxd4+ 33. Rxd4 Ra5 34. Rb4
Rxc5 35. Rxb7 Rxe5 36. Ra7 a2 37. Rc1 Rb8 38. Rxc6 Rb1 39. Rca6 Rh1 0-1